| 000 | 01329nam a22002417a 4500 | ||
|---|---|---|---|
| 001 | 1615778 | ||
| 003 | AM-YEHGA | ||
| 005 | 20260318162642.0 | ||
| 008 | 190610s1914 ru |||||||||||||||0|rus|d | ||
| 040 | _aAM-YEHGA | ||
| 041 | 0 | _arus | |
| 100 | 1 |
_aКомаровский, Евграф Федотович, _d1769-1843 |
|
| 245 | 1 | 0 |
_aЗаписки графа Е.Ф. Комаровского / _cРед. П.Е. Щеголева ; Вступ. заметка Е.А. Ляцкого. |
| 246 | 1 | 3 | _aЗаписки графа Евграфа Федотовича Комаровского |
| 260 |
_aСанкт-Петербург : _bОгни, _c1914. |
||
| 300 | _aXII, 279 с., [1] л. портр. | ||
| 440 | _aБиблиотека мемуаров издательства "Огни". Серия 1 | ||
| 500 | _aИз предисл.: Впервые записки были напечатаны в 1897 г. по подлинным рукописям на страницах "Исторического вестника" | ||
| 653 | 0 | _aРоссия, 18-19 вв. - Воспоминания и записки | |
| 700 | 1 |
_aЛяцкий, Евгений Александрович, _d1868-1942 _eавт. предисл. _4aui |
|
| 700 | 1 |
_aЩеголев, Павел Елисеевич _d1877-1931 _eред. _4edt |
|
| 942 |
_2udc _cBK |
||
| 999 |
_c538132 _d538132 |
||